| 000 | 00562nam a22001817a 4500 | ||
|---|---|---|---|
| 005 | 20231108064038.0 | ||
| 008 | 231108b |||||||| |||| 00| 0 eng d | ||
| 020 | _a0409053120 ; 0409053139 | ||
| 041 | _aEnglish | ||
| 082 | _a346.4 SIL | ||
| 100 |
_aSchoeman, J _lEnglish |
||
| 245 | _aSilberg and Schoeman : The Law of Property / | ||
| 250 | _aSecond Edition | ||
| 260 |
_aDurban : _bButterworth Publishers (Pty) Ltd, _c1983 |
||
| 300 |
_bxvi, 574 pages ; _c22,3 cm. |
||
| 650 |
_aLegal practice _bLaw |
||
| 942 |
_cBK _6ALISON_BN_VRIES |
||
| 999 |
_c396 _d396 |
||